Trouvez les personnages Disney - Statistiques

Statistiques générales
  • Ce quiz a été pris 924 fois
  • Le résultat moyen est 83 sur 305
Statistiques - réponses
Année du Disney Personnages % Correct
1938 Blanche neige
95%
1955 Sim
90%
2013 Anna
83%
1950 Cendrillon
82%
1938 Grincheux
80%
1938 Simplet
78%
1938 Prof
77%
1990/2000 Ariel
76%
1938 Atchoum
76%
1992 Belle
75%
2013 Elsa
74%
1938 Dormeur
73%
2015 Joie
73%
1959 Aurore
72%
1994 Simba
69%
1938 Timide
69%
1950 Gus
68%
1992 La bête
67%
1978 Peter
67%
2010 Raiponce
67%
1998 Mulan
66%
2013 Olaf
66%
1938 Joyeux
65%
1946 Pinocchio
65%
1993 Aladdin
63%
1993 Jasmine
63%
1946 Mickey
63%
1994 Nala
62%
1948 Bambi
61%
1990/2000 Polochon
61%
1994 Scar
61%
1947 Dumbo
60%
1950 Javotte
60%
1995 Pocahontas
60%
1990/2000 Ursula
59%
1950 Anastasie
58%
1990/2000 Éric
58%
1959 Maléfique
58%
1994 Mufasa
58%
2016 Vaiana
57%
1971 Marie
56%
2009 Tiana
56%
1953 Wendy
56%
1990/2000 Sébastien
55%
1994 Pumba
54%
1951 Alice
53%
1993 Jafar
53%
1994 Timon
53%
1946 Geppetto
52%
1948 Pan pan
52%
2015 Colère
51%
1992 Lumière
51%
1961 Cruella
50%
1953 La fée clochette
50%
2013 Sven
50%
2015 Tristesse
50%
1953 Capitaine crochet
49%
1992 Gaston
49%
1996 Hercule
49%
2015 Peur
49%
1955 Clochard
47%
2015 Degout
46%
1948 Fleur
46%
1971 Berlioz
45%
1968 Mowgli
45%
1953 Peter pan
45%
1971 Duchesse
44%
1996/2000 Woody
44%
1996/2000 Buzz l’êclair
43%
2013 Hans
43%
1955 Lady
43%
1971 Toulouse
43%
1977 Winnie
43%
1968 Baloo
42%
1977 Bernard
42%
1992 Big ben
42%
1953 Jean
42%
1977 Bianca
41%
2010 Flynn Rider
41%
2003 Némo
41%
2013 Kristoff
40%
1950 Lucifer
40%
1964 Merlin
40%
2012 Mérida
39%
1961 Pongo
39%
1974 Robin
39%
2003 Dory
38%
2010 Pascal
38%
1999 Tarzan
38%
1998 Mushu
37%
1981 Rox
37%
2002 Stitch
37%
1992 Zip
37%
1964 Arthur
36%
1951 La reine de coeur
36%
2002 Lilo
36%
1981 Rouky
36%
1993 Abu
35%
1961 Perdita
35%
1959 Philippe
35%
1977 Porcinet
35%
1977 Tigrou
35%
1996 Hades
34%
1997 Esmeralda
33%
1995 John Smith
33%
1992 Le fou
32%
1990/2000 Max
32%
1999 Jane
31%
1951 Le lapin blanc
31%
1953 Michel
31%
1971 Thomas O’malley
31%
1977 Bourriquet
30%
2016 Flash
30%
2000/2010 Jessie
30%
1946 Jiminy Cricket
30%
1996 Megara
30%
1997 Quasimodo
30%
1959 Pimprenelle
29%
2004 Bob
28%
2004 Bob parr
28%
2004 Jack Jack
28%
1994 Rafiki
28%
1995 Ben
27%
1951 Chapelier fou
27%
1990/2000 Le roi triton
27%
2016 Maui
27%
2010 Naveen
27%
2012 Ralph
27%
1994 Zazu
27%
1968 Bagheera
26%
1974 Belle Marianne
26%
1946 Figaro
26%
1950 Jaq
26%
2010 Mère Gothel
26%
1953 Monsieur mouche
26%
1974 Petit Jean
26%
2015 Riley
26%
1996/2000 andy
25%
1959 Flora
25%
2003 Marin
25%
1959 Paquerette
25%
1947 Timothy
25%
1950 Madame de Tremaine
24%
1994 Sarabi
24%
1971 Edgar
23%
2010 Louis
23%
1992 Madame Samovar
23%
1992 Maurice
23%
2010 Ray
23%
1990/2000 Euréka
22%
2016 Hei hei
22%
1968 Kaa
22%
1993 Le sultan
22%
1961 Roger
22%
1978 Elliott
21%
2001 Kuzco
21%
2010 Maximus
21%
1996/2000 Rex
21%
2004 Violette
21%
1996/2000 Zig Zag
21%
1961 Anita
20%
1977 Coco lapin
20%
2016 Pua
20%
2009 Volt
20%
2007 Rémy
19%
1968 Shere Khan
19%
2012 Vaneloppe
19%
1996 Zeus
19%
1953 Nana
18%
1996 Pegasse
18%
1977 Petit gourou
18%
2004 Sulli
18%
1996/2000 Bayonne
17%
1948 Féline
17%
2004 Flèche
17%
2000/2010 Ken
17%
1996/2000 La bergère
17%
1996/2000 Monsieur Patate
17%
2010 Docteur Facilier
16%
1994 Kiara
16%
1995 Meeko
16%
1974 Prince Jean
16%
1993 Rajah
16%
2000/2010 Barbie
15%
1986 Basil
15%
2004 Helen Parr
15%
1977 Jean Christophe
15%
2016 Judy Hopps
15%
2000/2010 Lotso
15%
1961 Lucky
15%
2017 Miguel
15%
2002 Nani
15%
2016 Nick Wilde
15%
2000/2010 Pil poil
15%
1955 Am
14%
2010 Charlotte
14%
1961 Jasper
14%
1990/2000 Melodie
14%
2009 Penny
14%
1997 Phoebus
14%
2008 Wall E
14%
2015 Bing Bong
13%
1997 Claude Frollo
13%
1961 Horace
13%
1953 Lili la tigresse
13%
1996/2000 Madame Patate
13%
1950 Pataud
13%
1964 Archimede
12%
2009 Carl
12%
2004 Edna
12%
2004 Koda
12%
1998 Li shang
12%
2004 Bouh
11%
1999 Clayton
11%
2007 Colette
11%
2008 Éve
11%
1995 Flit
11%
2004 Frozone
11%
1950 La marraine fée
11%
1968 Le roi Louie
11%
2010/2019 Fourchette
10%
1977 Grand gourou
10%
1990/2000 Jetsam
10%
2001 Kronk
10%
2014 Baymax
9%
1990/2000 Flotsam
9%
2001 Izma
9%
1955 César
8%
2007 Émile
8%
2004 Léon
8%
1996/2000 Les aliens
8%
1992 Philibert
8%
2009 Russell
8%
2004 Syndrome
8%
2016 Tamatoa
8%
2003 Bruce
7%
2003 Darla
7%
2009 Doug
7%
2017 Ernesto de la cruz
7%
2001 Pacha
7%
1999 Tantor
7%
2003 Astrid
6%
1996/2000 Bonnie
6%
1951 Chat du cheshire
6%
1998 Cri kee
6%
2017 Dante
6%
2009 Ellie
6%
2014 Hiro
6%
2009 Kévin
6%
1961 Rolly
6%
1999 Tilt
6%
2000/2010 Zurg
6%
2002 Angel
5%
2004 Célia
5%
2003 Crush
5%
2012 Élinor
5%
2012 Felix
5%
2004 Germaine
5%
2003 Jacques
5%
1951 La chenille
5%
1993 Lago
5%
1999 Tok
5%
2009 Charles Muntz
4%
2016 Grand mère Tala
4%
2003/2016 Hank
4%
1996/2000 Molly
4%
1999 Princesse Atta
4%
2000/2010 Siffli
4%
2010/2019 Gabby Gabby
3%
2003 Gill
3%
2002 Jumba
3%
2009 Rhino
3%
2003 Squiz
3%
1946 Yen sid
3%
2004 Alfredo
2%
2003/2016 Bailey
2%
2002 Cobra Bubbles
2%
1999 Couette
2%
2003/2016 Destinée
2%
1999 Fil
2%
2014 Fred
2%
1998 Shang yu
2%
2007 Skinner
2%
1974 | 1986 Toby
2%
2004 Truc
2%
1981 Abigail
1%
1977 Brutus
1%
1974 Corniaud
1%
2010/2019 Dolly
1%
2007 Égo
1%
2010 Eudora
1%
2014 honey Lemon
1%
2009 Mittens
1%
1977 Néron
1%
2012 Sergent Calhoun
1%
2014 Wasabi
1%
1986 Bartholomé
0%
2016 Chef Boggo
0%
2003/2016 Gérard
0%
2004 Goliath
0%
1995 Loan
0%
2004 Mushe
0%
2016 Yax
0%
2014 Yokai
0%
Aucun quiz correspondant
Distribution des résultats
% des personnes avec chaque résultat
Percentile par nombre de réponses
Votre historique - résultats
Vous n’avez pas pris ce quiz